000 00656nam a2200253Ia 4500
003 OSt
005 20220918205327.0
006 a|||||r|||| 00| 0
007 ta
008 220917b |||||||| |||| 00| 0 eng d
024 _a116,187
037 _cTextual
040 _aARTS
_cARTS
_beng
041 _2eng
_aeng
082 _aV63.N7, M5
100 _aAustin Dennis
_9102947
245 0 _aSouth Africa 1984
260 _aLondon
_bRoutledge and Kegan Paul
_c1985
300 _aviii,80p.
_ccm.
490 _aChatham house papers; 26
650 _aHISTORY
942 _hV63.N7, M5
_cTEXL
_2CC
999 _c239515
_d239515